01529nam a2200373 a 4500001001200000003000800012006001900020007001500039008004100054010001700095020002600112020002700138040002100165035002100186050002300207082001400230100002900244245017700273260004800450300003600498504005100534505008400585533015200669650003000821650002200851650002500873650001900898655002900917700002100946700002800967710001700995856012601012999001701138ebr10650025CaPaEBRm u cr cn|||||||||120712s2013 njuad sb 001 0 eng d z 2012025748 z9780470596920 (cloth) z9781118356715 (e-book) aCaPaEBRcCaPaEBR a(OCoLC)80072196614aRS403b.A43 2013eb04a615.72231 aAl-Achi, Antoine,d1955-10aIntegrated pharmaceuticsh[electronic resource] :bapplied preformulation, product design, and regulatory science /cAntoine Al-Achi, Mali Ram Gupta, William Craig Stagner. aHoboken, N.J. :bJohn Wiley & Sons,cc2013. axix, 991 p. :bill. (some col.) aIncludes bibliographical references and index.0 apt. I. Preformulation -- pt. II. Product design -- pt. III. Regulatory science. aElectronic reproduction.bPalo Alto, Calif. :cebrary,d2013.nAvailable via World Wide Web.nAccess may be limited to ebrary affiliated libraries. 0aPharmaceutical chemistry. 0aBiopharmaceutics. 0aDrugsxDosage forms. 0aDrugsxDesign. 7aElectronic books.2local1 aGupta, Mali Ram.1 aStagner, William Craig.2 aebrary, Inc.40uhttp://site.ebrary.com/lib/rucke/Doc?id=10650025zAn electronic book accessible through the World Wide Web; click to view c74641d74641